My favorite letters / (Record no. 2918)

MARC details
000 -LEADER
fixed length control field 01095cam a2200325 a 4500
005 - DATE AND TIME OF LATEST TRANSACTION
control field 20240123142330.0
020 ## - INTERNATIONAL STANDARD BOOK NUMBER
International Standard Book Number 076714003996
040 ## - CATALOGING SOURCE
Original cataloging agency DLC
Transcribing agency DLC
Modifying agency DLC
Language of cataloging eng
050 00 - LIBRARY OF CONGRESS CALL NUMBER
Classification number PZ7.R23775
Item number 2001
082 00 - DEWEY DECIMAL CLASSIFICATION NUMBER
Classification number 310
100 1# - MAIN ENTRY--PERSONAL NAME
Personal name Reber, Deborah
245 10 - TITLE STATEMENT
Title My favorite letters /
Statement of responsibility, etc. by Deborah Reber ; illustrated by Karen Craig.
250 ## - EDITION STATEMENT
Edition statement This edition was printing in 2001
260 ## - PUBLICATION, DISTRIBUTION, ETC.
Place of publication, distribution, etc. New York :
Name of publisher, distributor, etc. Simon Spotlight/Nick Jr. ,
Date of publication, distribution, etc. 2001
300 ## - PHYSICAL DESCRIPTION
Extent 22 unnumbered pages :
Other physical details color illustrations ;
Dimensions 23 cm.
490 ## - SERIES STATEMENT
Series statement Blue's Clues Series
500 ## - GENERAL NOTE
General note "Based on the TV series Blue's Clues"--T.p. verso.
505 ## - FORMATTED CONTENTS NOTE
Formatted contents note E <br/>
520 ## - SUMMARY, ETC.
Summary, etc. Blue learns to spell her name and finds other words that begin with her favorite letters: B, L, U, and E. Features rebuses.
521 ## - TARGET AUDIENCE NOTE
Target audience note 200 <br/>
Source Lexile <br/>
521 ## - TARGET AUDIENCE NOTE
Target audience note E <br/>
Source Raz-Plus <br/>
650 #0 - SUBJECT ADDED ENTRY--TOPICAL TERM
Topical term or geographic name entry element Rebuses.
650 #1 - SUBJECT ADDED ENTRY--TOPICAL TERM
Topical term or geographic name entry element Dogs
Form subdivision Fiction.
650 #1 - SUBJECT ADDED ENTRY--TOPICAL TERM
Topical term or geographic name entry element Vocabulary
Form subdivision Fiction.
650 #1 - SUBJECT ADDED ENTRY--TOPICAL TERM
Topical term or geographic name entry element Rebuses.
700 1# - ADDED ENTRY--PERSONAL NAME
Personal name Craig, Karen
Relator term illustrator
906 ## - LOCAL DATA ELEMENT F, LDF (RLIN)
a 7
b cbc
c orignew
d 1
e ocip
f 19
g y-gencatlg
942 ## - ADDED ENTRY ELEMENTS (KOHA)
Source of classification or shelving scheme Dewey Decimal Classification
Koha item type Books
Suppress in OPAC No
999 ## -
-- 2918
-- 2918
Holdings
Withdrawn status Lost status Source of classification or shelving scheme Damaged status Not for loan Collection Home library Current library Shelving location Date acquired Total Checkouts Full call number Barcode Date last seen Price effective from Koha item type
    Dewey Decimal Classification     Juvenile Fiction Footprints International School Library Network Toul Kork Campus Footprints International School Library Network Toul Kork Campus   01/23/2024   REB 310 PZ7.R23775 FISBK04032 01/23/2024 01/23/2024 Books